| 000 | 00531nam a2200205Ia 4500 | ||
|---|---|---|---|
| 005 | 20230510102159.0 | ||
| 008 | 131103s9999 xx 000 0 und d | ||
| 020 | _cRs.25 | ||
| 040 | _aLoreto College | ||
| 041 | _aEnglish | ||
| 082 |
_a330.092 _bSIL |
||
| 100 | _aSilk,Leonard | ||
| 245 | 4 |
_aThe economists _cLeonard Silk |
|
| 260 |
_aNew Delhi _bPrentice - Hall of India _c1977 |
||
| 300 | _axii,294 p. | ||
| 504 | _aIncludes bibliographical references and index | ||
| 650 | _aEconomics | ||
| 850 | _aLCLIB | ||
| 942 | _cBK | ||
| 999 |
_c7592 _d58071 |
||